000 01028nam a2200277Ia 4500
003 OSt
005 20221005103233.0
006 a|||||r|||| 00| 0
007 ta
008 221004b |||||||| |||| 00| 0 hin d
020 _cIndian Rupees 100
024 _a38838
037 _bGift, 27/08/2018,
_cTextual
040 _aCRL
_cCRL
_bhin
041 _2hin
_ahin
082 _aO152,3N1511w, P6
100 _aसुभाष चन्द्र, ले.
245 0 _aभीष्म साहनी साहित्य और जीवन दर्शन
246 _aBhīṣhma sāhanī sāhitya aur jīvan darshana
260 _aकुरूक्षेत्र
_bजतन प्रकाशन भारत
_c2006
300 _a168पृ0
_ccm.
650 _a हिन्दी साहित्य
650 _aहिन्दी कहानी
942 _hO152,3N1511w, P6
_cTEXL
_2cc
999 _c1009657
_d1009657